Resistencia a tensión de empalmes soldados con barras de refuerzo fabricadas bajo la norma ASTM A 615 y ASTM A 706

محفوظ في:
التفاصيل البيبلوغرافية
المؤلف الرئيسي: Fierro Lafuente, Roberto, 1976-
مؤلفون آخرون: Espinoza Blanco , Edwin, 1967- Director del TFG
التنسيق: كتاب
منشور في: San José, Costa Rica 2001
الموضوعات:
الوسوم: إضافة وسم
لا توجد وسوم, كن أول من يضع وسما على هذه التسجيلة!

MARC

LEADER 00000nam a2200000Ia 4500
003 008815
005 20240515141234.0
008 140114s2001 cr a m 000 ||s d
040 |c cru CEDI 
090 |a TFG 4374 
100 |a Fierro Lafuente, Roberto, 1976-  |9 3038 
245 |a Resistencia a tensión de empalmes soldados con barras de refuerzo fabricadas bajo la norma ASTM A 615 y ASTM A 706 
260 |a San José, Costa Rica  |c 2001 
300 |a  xiv, 87 hojas : ilustraciones  
500 |a  Proyecto de graduación (licenciatura en ingeniería civil)--Universidad de Costa Rica. Facultad de Ingeniería. Escuela de Ingeniería Civil 
501 |a Director del Proyecto de Graduación: Ing. Edwin Espinoza Blanco 
650 |x BARRAS REFORZADAS   |x UNIONES SOLDADAS   |x SOLDADURA   |x ESFUERZO Y TENSION  |9 688 
700 |a  Espinoza Blanco , Edwin, 1967-  |d Director del TFG   |9 1624 
942 |c TFG  |h TFG 4374  |i 008815  |6 TFG_4374_008815000000000 
999 |c 18064  |d 18064